Quizzes
Events
Quiz Creation
Community
Videos
Private Events
Remove Ads
Sign In
Join for FREE
Feedback
Dark Mode
Quiz Categories
Sports
Geography
Music
Movies
Television
Just For Fun
Miscellaneous
History
Literature
Language
Science
Gaming
Entertainment
Religion
Holiday
For Kids
Quiz Lab
Recent
Popular Today
Quiz Kudos Today
Editor Picks
Curator Picks
Quizzes by...
Day
Popularity
Type
Ratings
Length
Year
Community
Subscriptions
Recent Discussions
Orange Saloon
Badges
Playlists
Quests
Create
Leaderboards
Showdown
Live 5
Trivia Bingo
Activity
Puzzle Library
Sporcle Events
Private Events
Virtual Trivia
Globe League
Become a Host
Pub Owners
SporcleCon
Opinionation
Our Games
Videos
Blog
Mobile Apps
Partnerships
Remove Ads and Go Orange
Feedback
Movies
Disney
Marvel Cinematic Universe
Movie Resume
Movie Titles
Oscar
Actor
Actress
Director
Pixar
Role
Movie Quotes
Movie Characters
Box Office
Nominee
Best Picture
Star Wars
James Bond
Horror Movies
Movies
Disney
Marvel Cinematic Universe
Movie Resume
Movie Titles
Oscar
Actor
Actress
Director
Pixar
Role
Movie Quotes
Movie Characters
Box Office
Nominee
Best Picture
Star Wars
James Bond
Horror Movies
Random Quiz
Search Sporcle
×
Quiz Lab
Quiz Lab
Movies
jeff
Type in answers that appear in a list
Type in answers that appear in a list
Classic
Best Score? Go Orange.
Jeff Bridges films Stats
Can you name the Jeff Bridges films?
By
zurc136
10m
60 Questions
107 Plays
107 Plays
107 Plays
Comments
Comments
Give Quiz Kudos
Give Quiz Kudos
-
- Ratings
hide this ad
Replay
Link that replays current quiz
Next Quiz
Link to next quiz in quiz playlist
You Got
0%
They Got
Avg Score
19%
Avg Friend Score
Upgrade to see
Score Distribution
Jump to the score distribution portion of the page
Score
0/60
Timer
10:00
0
Plays Today
Year
Title
% Correct
1998
The Big Lebowski
83.2%
2008
Iron Man
70.1%
1982
TRON
62.6%
1984
Starman
56.1%
1989
The Fabulous Baker Boys
53.3%
1971
The Last Picture Show
52.3%
1974
Thunderbolt and Lightfoot
47.7%
1988
Tucker: The Man and his Dream
42.1%
2009
Crazy Heart
41.1%
1991
The Fisher King
40.2%
2000
The Contender
33.6%
1994
Blown Away
30.8%
2009
The Men Who Stare at Goats
30.8%
1985
Jagged Edge
29.9%
2007
Surf's Up
28%
1993
Fearless
27.1%
1996
White Squall
24.3%
1976
King Kong
23.4%
1999
Arlington Road
22.4%
1990
Texasville
21.5%
2003
Seabiscuit
21.5%
1993
The Vanishing
20.6%
1981
Cutter's Way
19.6%
1986
The Morning After
19.6%
1984
Against All Odds
18.7%
2004
The Door in the Floor
18.7%
1980
Heaven's Gate
15.9%
2001
K-PAX
15.9%
1996
The Mirror Has Two Faces
15%
1987
Nadine
13.1%
Year
Title
% Correct
1995
Wild Bill
13.1%
2005
Tideland
13.1%
2006
Stick It
13.1%
1973
The Last American Hero
12.1%
1972
Fat City
11.2%
1986
8 Million Ways to Die
10.3%
2008
How To Lose Friends and Alienate People
8.4%
1972
Bad Company
6.5%
1976
Stay Hungry
6.5%
1982
The Last Unicorn
6.5%
1992
American Heart
6.5%
1999
The Muse
6.5%
2003
Masked and Anonymous
6.5%
1975
Rancho Deluxe
5.6%
2009
The Open Road
5.6%
1979
Winter Kills
4.7%
1982
Kiss Me Goodbye
4.7%
1999
Simpatico
4.7%
1973
The Iceman Cometh
3.7%
1978
Somebody Killed Her Husband
3.7%
1989
See You in the Morning
3.7%
2009
A Dog Year
3.7%
1970
The Yin and Yang of Mr. Go
2.8%
1970
Halls of Anger
2.8%
1973
Lolly-Madonna XXX
2.8%
1975
Hearts of the West
2.8%
2005
The Moguls
2.8%
1980
The American Success Company
1.9%
1989
Cold Feet
1.9%
2001
Scenes of the Crime
1.9%
Quiz Playlist
Details
Report
Send in Message
Add To Playlist
Classic:
Type in answers that appear in a list
Quiz Source
Last Updated: Feb 16, 2017
Quiz Scoreboard
CHALLENGE
Sign Up to Join the Scoreboard
Show All
Scores
Hide
Comments
May contain spoilers
Recently Published
Presidents Visiting Landmarks
by Hejman
History
7m
An Introduction to Baseball
by treessimontrees
Sports
5m
Movies - When Are They Set?
by FPL_Elf
Movies
5m
More to Explore
Quiz From the Vault
Featured Blog Post
Where Did the Easter Bunny Come From?
hide this ad
You Might Also Like...
Tags
bridge
Character
jeff
Jeff Bridges
Today's Top Quizzes in Movies
Browse Movies
hide this ad
Today's Top Quizzes in jeff
Browse jeff
Top Contributed Quizzes in Movies
1
Pick 5 Posters: Directed by Spielberg
2
7-to-1: Pixar Characters
3
Pick 5 Posters: Lowest-Rated Spielberg
4
Pick 5 Posters: Directed by Scorsese
5
Pick 5 Posters: Star & Director
6
Sorting Actors
7
Sorting Actresses
8
12 Movies about Fictional 1960s Events
9
Multi-Oscar Nominations, One Movie, One Winner
10
Pick 5 Posters: Women Directed 2020s
Explore More
Trending Topics
Harry Potter
Marvel
Crossword
Anime
Disney
Kpop
NBA
WWE
NFL
Pokémon
Country
Soccer
Puzzle
Song
The Office
hide this ad
More By:
zurc136
Quiz
Plays
Rating
Category
Featured
Created
Actors from Heat
19,726
3.89
Movies
Nov 10, 2009
Lego Batman Characters
1,480
3.75
Gaming
Nov 10, 2009
Empire's 100 sexiest movie stars (2009)
1,235
5.00
Movies
Nov 10, 2009
movies with the highest body counts
467
3.57
Movies
Nov 10, 2009
X-Men actors
397
4.25
Movies
Nov 10, 2009
Go to Creator's Profile
Score Distribution
Quiz Creator Spotlight
zurc136
Follow
Send a Message
Quizzes Created
-
Created Quiz Play Count
-
More By This Creator
Popular Quizzes Today
1
Find the US States - No Outlines Minefield
2
Find the Countries of Europe - No Outlines Minefield
3
The Countries of the World
4
Find the US States
5
Popular People in 1961
6
US States
7
Risky Map Clicking: Biggest States A-Z
8
Movies - When Are They Set?
More Movies Quizzes
Harry Potter Films by Wizarding Photos II
Quiz Lab
Trending Quizzes
Risky Map Clicking: Least Populous States A-Z
1-10 Letter G Words
1-10 Letter F Words
Risky Map Clicking: Next State Alphabetically
Risky Map Clicking: Biggest States A-Z
Recently Updated
Leaping Animals
pecheneg
Reality TV Shows (A-Z)
bhenderson79
Rickey Henderson's Hall of Fame Teammates
pecheneg
Champions League XIs: Arsenal
pecheneg
Quick Pick: Celebrities in WWE's Hall of Fame
aduchscher
A-Z Keypad Blitz II
pecheneg
Multiple Oscar Actors
pecheneg
Mystery Phrase Blitz: Oscar 'Best Actors'
pecheneg
F. Scott Fitzgerald Novels
LTH
Pick 3 Villains
ddd62291
Trending Topics
NBA
Marvel
Anime
Harry Potter
Crossword
Disney
Kpop
Country
The Office
Pokémon
Soccer
Puzzle
WWE
NFL
Song
Your Account Isn't Verified!
In order to create a playlist on Sporcle, you need to verify the email address you used during registration. Go to your
Sporcle Settings
to finish the process.
Report this User
Report this user for behavior that violates our
Community Guidelines
.
Details:
Send Report
Go to the Sporcle.com Mobile Site →
Comments